Windows communication foundation - unifikovaný programovací model servisne orientovaných aplikácií, jeho možnosti a použitie

Vytvorenie WCF služby využívajúcej škálu vlastností implementovaných pomocou programovacieho modelu priamo v nej. Výhoda WCF služieb a ich prístup k HTML klientov fungujúcich v rôznych softvérových platformách.

Saved in:
Bibliographic Details
Main Author: Košťál, Igor, 1962-
Format: Book Chapter
Language:Slovak
Subjects:
Tags: Add Tag
No Tags, Be the first to tag this record!

MARC

LEADER 00000nla a2200000 4500
001 0192719
005 20240502073231.3
041 0 |a slo 
044 |a SK 
245 1 0 |a Windows communication foundation - unifikovaný programovací model servisne orientovaných aplikácií, jeho možnosti a použitie  |c Igor Košťál 
520 |a Vytvorenie WCF služby využívajúcej škálu vlastností implementovaných pomocou programovacieho modelu priamo v nej. Výhoda WCF služieb a ich prístup k HTML klientov fungujúcich v rôznych softvérových platformách. 
610 2 0 |a technológie informačné 
610 2 0 |a technológie komunikačné 
610 2 0 |a internet 
610 2 0 |a softvér 
610 2 0 |a programovanie 
610 2 0 |a modely 
610 2 0 |a programy používateľské 
100 1 |a Košťál, Igor, 1962-